City centre masterplanning and cultural spaces (Record no. 78704)

MARC details
000 -LEADER
fixed length control field 00865cam a22002055a 4500
001 - CONTROL NUMBER
control field L137750
008 - FIXED-LENGTH DATA ELEMENTS--GENERAL INFORMATION
fixed length control field 070426s2007 xxk f 000 0 eng d
035 ## - SYSTEM CONTROL NUMBER
System control number (Sirsi) u137750
041 0# - LANGUAGE CODE
Language code of text/sound track or separate title eng
100 1# - MAIN ENTRY--PERSONAL NAME
Personal name Holmes, Kirsten
245 00 - TITLE STATEMENT
Title City centre masterplanning and cultural spaces
Remainder of title a case study of Sheffield
260 ## - PUBLICATION, DISTRIBUTION, ETC.
Date of publication, distribution, etc. 2007
490 #0 - SERIES STATEMENT
Series statement Journal of Retail and Leisure Property
Volume/sequential designation 6(1) 2007, 29-46(18)
520 ## - SUMMARY, ETC.
Summary, etc. Discusses the council's consideration of cultural factors in economic regeneration. Argues that the strong focus on economic development has meant private property development has impacted negatively on public spaces, and that the public spaces have as a result not become inclusive spaces.
590 ## - LOCAL NOTE (RLIN)
Local note KA
651 #4 - SUBJECT ADDED ENTRY--GEOGRAPHIC NAME
Geographic name SHEFFIELD
690 ## - LOCAL SUBJECT ADDED ENTRY--TOPICAL TERM (OCLC, RLIN)
Topical term or geographic name as entry element PROPERTY-PROPERTY MANAGEMENT-REGENERATION
700 1# - ADDED ENTRY--PERSONAL NAME
Personal name BeeBeejaun, Yasminah
942 ## - ADDED ENTRY ELEMENTS (KOHA)
Suppress in OPAC 0
Holdings
Withdrawn status Lost status Source of classification or shelving scheme Damaged status Not for loan Home library Current library Shelving location Date acquired Total Checkouts Full call number Barcode Date last seen Copy number Price effective from Koha item type
    Dewey Decimal Classification     London London Journal article 26/04/2007   L137750 137750-1001 06/08/2019 1 06/08/2019 Journal article